Filmové masakre... čímkoľvek čo bolo poruke

Bibliographic Details
Main Author: MovieFreak (Author)
Format: Article
Language:Slovak
PhysicalDescription:Fotogr.
ISSN:1336-4480
Subjects:

MARC

LEADER 00000nab a2200000 a 4500
001 vtls000877922
003 SK-MaSNL
005 20260304000533.0
008 180205c2004 xo 0 slo
015 |a SNBRB2004/07-20305 
035 |a CLN000229474 
040 |a SNKBUCL  |b slo  |c SNKBUCL  |e AACR2 
041 0 |a slo 
044 |a xo  |c SK 
080 |a 791.43-312.4  |2 UDC-MRF-SK2 
100 0 |a MovieFreak  |4 aut  |9 857635 
245 1 0 |a Filmové masakre... čímkoľvek čo bolo poruke  |c [autor] MovieFreak 
300 |b Fotogr. 
650 0 7 |a filmové horory  |2 snkbucl  |9 27768 
655 7 |a články z novín a časopisov  |2 snkbucl  |9 267496 
773 0 |x 1336-4480  |t Blokbaster  |g Roč. 1, č. 2 (2004), s. 58-59 
850 |a Slovenská národná knižnica v Martine 
852 |a SNK  |b KIS3GCP 
958 |a RBX 
999 |c 2531726  |d 2533656